LEADER 01345oam 2200421zu 450 001 9910872744603321 005 20241212215113.0 024 7 $a10.1109/MWSYM.1995 035 $a(CKB)111055184236830 035 $a(SSID)ssj0000455358 035 $a(PQKBManifestationID)12158165 035 $a(PQKBTitleCode)TC0000455358 035 $a(PQKBWorkID)10400023 035 $a(PQKB)10746736 035 $a(NjHacI)99111055184236830 035 $a(EXLCZ)99111055184236830 100 $a20160829d1995 uy 101 0 $aeng 135 $aur||||||||||| 181 $ctxt 182 $cc 183 $acr 200 10$a1995 IEEE MTT-S International Microwave Symposium Digest 210 31$a[Place of publication not identified]$cIEEE$d1995 215 $a1 online resource 300 $aBibliographic Level Mode of Issuance: Monograph 311 08$a9780780325814 311 08$a0780325818 327 $aIEEE, Microwave Theory and Techniques Society and Components, Packaging and Mfg Technology Society Staff. 606 $aMicrowaves$vCongresses 615 0$aMicrowaves 676 $a621.3813 712 02$aInstitute of Electrical and Electronics Engineers, Inc. Staff 801 0$bPQKB 906 $aBOOK 912 $a9910872744603321 996 $a1995 IEEE MTT-S International Microwave Symposium Digest$92521069 997 $aUNINA